000
00212nam a2200085Ia 4500
008
120527s9999 xx 000 0 und d
100
_a
Mansfield E.
245
_a
Micro economics; theory and application
942
_c
BK
999
_c
27175
_d
27175